000 00589nam a2200205 a 4500
005 20140310183437.0
008 080205s19uu xx 00 eng d
020 _a0470813091
050 _aHD 31
_b.C197 2008
245 _aManagement /
250 _a3rd Asia Pacific ed.
260 _aAustralia :
_bJohn Wiley & Son's, Ltd,
_c2008.
300 _a650 p. :
_bill. col. ;
_c26 cm.
521 _aBSBA
650 _aManagement.
_xAsia
_xTextbooks.
650 _aManagement
_xPacific Area
_xTextbooks.
650 _aCampling, John Trevor, 1956-.
942 _cBK
_2lcc
_kFOR
999 _c22971
_d22971